00795cam a2200253 a 450000100100000000500170001000800410002702000150006804000180008308200180010110000370011924500340015626000370019030000210022749000210024865000270026965000310029683000280032791000340035591000070038904900090039695201210040599900150052600000460720200929151453.0920618s1991 sp 000 e spa d a8432206490 aDO-SdBNPcDLC a864.64bL791e1 aLlamazares, Julio,d1955-91344110aEn babia /cJulio Llamazares. aBarcelona :bSeix Barral,c1991. a226 p. ;c20 cm.1 aBiblioteca breve 4aEnsayo español93923 4aLiteratura española9632 0aBiblioteca breve913442 aCatalogación por copia / LC aWM aBNGR 001054708MOaGRbGRcHDd2009-07-23iLF1l0o864.64 L791ep4607-10r2020-06-25w2020-06-25y4ZPréstamo en sala c4415d4415